000 01641cam a2200157 4500500
005 20251214003805.0
041 _afre
042 _adc
100 1 0 _aAlles, Delphine
_eauthor
700 1 0 _aRamel, Frédéric
_eauthor
700 1 0 _aGrosser, Pierre
_eauthor
245 0 0 _aRelations internationales
260 _bArmand Colin,
_c2023.
520 _aTraditionnellement centrées sur l’étude des rapports entre États, les Relations internationales ne cessent de se transformer pour faire face aux évolutions contemporaines : migrations internationales, mutations de la guerre, changement climatique, crises financières… À travers des entrées thématiques, ce manuel aborde la diversité des acteurs et objets propres à la discipline avec une exigence de pédagogie et d’accessibilité.• Le cours présente les concepts fondamentaux de la discipline, événements marquants, dates à retenir, controverses théoriques… Il est illustré de cartes et photographies de presse.• Les entraînements permettent de renforcer l’acquisition des connaissances et de se familiariser avec des exercices types de l’enseignement en Relations internationales, tels que les sujets de réflexion ou les études de document.• La partie méthode propose des techniques et exemples d’application pour se préparer aux épreuves : création de cartes analytiques, réponse à une question de réflexion et analyse d’images.Tous les corrigés disponibles dans la rubrique « ressources numériques ».
856 4 1 _uhttps://shs.cairn.info/relations-internationales-2e-ed--9782200634698?lang=fr&redirect-ssocas=7080
999 _c1567986
_d1567986